| 000 | 00676nam a2200205 a 4500 | ||
|---|---|---|---|
| 001 | 1533 | ||
| 005 | 20140414131910.0 | ||
| 008 | 001214s19uu xx 00 eng d | ||
| 020 | _a0-7235-4112-4 | ||
| 050 |
_aER _bAn5 1990 |
||
| 100 | _aWhiteford, Rhona | ||
| 245 |
_aAnimals of the world / _cwritten by Rhona Whiteford & James Fitzsimmons. |
||
| 260 |
_aManchester : _bWorld, _c1990. |
||
| 300 | _a25 p. : ill. ; cm. | ||
| 440 | _aLittle owl easy learners | ||
| 520 | _aA series of fact finders these books lay the foundations for an active and questioning mind in the years ahead. | ||
| 650 |
_aAnimals _xJuvenile literature. |
||
| 999 |
_c111151 _d111151 |
||